00798 a2200169 45000010006000000050017000060080041000230030015000640400040000790800125001192450095002440200018003392640031003573000019003885050201004071000020006083608720260407155638.0260407a1991 arg spa dAR-UNSa-BCEJYS aAR-UNSa-BCEJYSbspacAR-UNSa-BCEJYS a658.012.2xPlanificación. Programas. Planes. Medidas de apoyo a la planificación( Administración estratégica...)10aEstrategia empresarialppautas, claves y modelos para pensar la organización inteligente a84-7577-299-4 1aBarcelona :bGranicac1991 a261 p.c22 cm. a1. Desarrollo empresarial moderno - 2. Actividad empresarial - 3. Compañias de servicios y compañías de software - 4. Desarrollo empresarial - 5. Funciones de la administración de empresas1 akarlöf, Bengt